000
00226nam a2200097Ia 4500
001
933401
005
20250826214945.0
008
250824s9999 xx 000 0 und d
245
0
_a
KURTLAR
_c
LAURA MARSH
260
_b
BETA YAYINLARI
999
_c
933401
_d
933401